|
|
|
|
| LEADER |
01387nam a2200325 a 4500 |
| 001 |
28214 |
| 003 |
BD-DhAAL |
| 005 |
20170801152030.0 |
| 008 |
141203s1996 mnu b s001 0 eng |
| 999 |
|
|
|c 33196
|d 33196
|
| 010 |
|
|
|a 96009276
|
| 020 |
|
|
|a 0816627924 (acidfree paper)
|
| 020 |
|
|
|a 0816627932 (pbk. : acidfree paper)
|
| 040 |
|
|
|a DLC
|c DLC
|d DLC
|d BD-DhAAL
|
| 050 |
0 |
0 |
|a HM101
|b .A644 1996
|
| 082 |
0 |
0 |
|a 306
|2 20
|
| 100 |
1 |
|
|a Appadurai, Arjun,
|d 1949-
|9 6464
|
| 245 |
1 |
0 |
|a Modernity at large :
|b cultural dimensions of globalization /
|c Arjun Appadurai.
|
| 260 |
|
|
|a Minneapolis, Minn. :
|b University of Minnesota Press,
|c c1996.
|
| 300 |
|
|
|a xi, 229 p. ;
|c 24 cm.
|
| 490 |
|
0 |
|a Public worlds ;
|v 1
|
| 504 |
|
|
|a Includes bibliographical references (p. 205-217) and index.
|
| 541 |
|
|
|e 28214, 31978
|
| 650 |
|
0 |
|a Culture.
|9 6465
|
| 650 |
|
0 |
|a Civilization, Modern
|y 1950-
|9 6466
|
| 650 |
|
0 |
|a Ethnicity.
|9 6467
|
| 650 |
|
0 |
|a Mass media
|x Social aspects.
|9 6468
|
| 942 |
|
|
|2 ddc
|c BK
|
| 952 |
|
|
|0 0
|1 0
|2 ddc
|4 0
|6 306_000000000000000_APP
|7 0
|9 44311
|a BRACUL
|b BRACUL
|c GEN
|d 2014-12-03
|e Karim International
|g 2650.00
|l 0
|o 306 APP
|p 3010028214
|r 2014-12-03
|t 1
|w 2014-12-03
|y BK
|
| 952 |
|
|
|0 0
|1 0
|2 ddc
|4 0
|6 306_000000000000000_APP
|7 0
|9 60975
|a BRACUL
|b BRACUL
|c GEN
|d 2017-07-31
|e Development Book Agency
|g 3280.00
|l 1
|m 22
|o 306 APP
|p 3010031978
|q 2026-06-02
|r 2025-10-31
|s 2025-10-31
|t 2
|v 3280.00
|w 2017-07-31
|y BK
|